[Event "WC-2015-Q-00010"]
[Site "LSS email"]
[Date "2012.09.11"]
[Round "?"]
[White "Ireland, Jack Andrew"]
[Black "Istomin, Sergei"]
[Result "0-1"]
[WhiteElo "2415"]
[BlackElo "2221"]
[PlyCount "24"]
[EventDate "2012.09.17"]
[EventType "tourn (corr)"]
[EventRounds "10"]
[EventCountry "GER"]
[SourceTitle "Corr 2015"]
[Source "ChessBase"]
[SourceDate "2015.07.17"]
[SourceVersion "1"]
[SourceVersionDate "2015.07.17"]
[SourceQuality "1"]

1. d4 Nf6 2. c4 g6 3. Nc3 Bg7 4. e4 0-0 5. h3 d6 6. Nf3 e5 7. d5 Nh5 8. Nh2 Nd7 9. Be3 a5 10. g3 Nc5 11. Ng4 b6 12. Be2 Kh8 0-1

[Event "WC-2015-Q-00010"]
[Site "LSS email"]
[Date "2012.09.11"]
[Round "?"]
[White "Ireland, Jack Andrew"]
[Black "Nemec, Zdenek"]
[Result "0-1"]
[WhiteElo "2415"]
[BlackElo "2161"]
[PlyCount "28"]
[EventDate "2012.09.17"]
[EventType "tourn (corr)"]
[EventRounds "10"]
[EventCountry "GER"]
[SourceTitle "Corr 2015"]
[Source "ChessBase"]
[SourceDate "2015.07.17"]
[SourceVersion "1"]
[SourceVersionDate "2015.07.17"]
[SourceQuality "1"]

1. d4 d5 2. c4 c6 3. Nc3 Nf6 4. e3 a6 5. Qc2 e6 6. Nf3 c5 7. cxd5 exd5 8. Be2 Be6 9. 0-0 Nc6 10. Rd1 cxd4 11. Nxd4 Nxd4 12. Rxd4 Bc5 13. Rd1 Qe7 14. Bf3 0-0 0-1

[Event "WC-2015-Q-00010"]
[Site "LSS email"]
[Date "2012.09.11"]
[Round "?"]
[White "Ireland, Jack Andrew"]
[Black "Roberts, Anthony"]
[Result "0-1"]
[WhiteElo "2415"]
[BlackElo "2165"]
[PlyCount "30"]
[EventDate "2012.09.17"]
[EventType "tourn (corr)"]
[EventRounds "10"]
[EventCountry "GER"]
[SourceTitle "Corr 2015"]
[Source "ChessBase"]
[SourceDate "2015.07.17"]
[SourceVersion "1"]
[SourceVersionDate "2015.07.17"]
[SourceQuality "1"]

1. d4 Nf6 2. c4 e6 3. Nc3 Bb4 4. e3 0-0 5. Nge2 d5 6. a3 Be7 7. cxd5 Nxd5 8. Bd2 Nd7 9. g3 Nxc3 10. Bxc3 c5 11. Bg2 cxd4 12. Nxd4 Nb6 13. 0-0 Nd5 14. Rc1 Nxc3 15. Rxc3 e5 0-1

[Event "WC-2015-Q-00010"]
[Site "LSS email"]
[Date "2012.09.11"]
[Round "?"]
[White "Istomin, Sergei"]
[Black "Ireland, Jack Andrew"]
[Result "1-0"]
[WhiteElo "2221"]
[BlackElo "2415"]
[PlyCount "25"]
[EventDate "2012.09.17"]
[EventType "tourn (corr)"]
[EventRounds "10"]
[EventCountry "GER"]
[SourceTitle "Corr 2015"]
[Source "ChessBase"]
[SourceDate "2015.07.17"]
[SourceVersion "1"]
[SourceVersionDate "2015.07.17"]
[SourceQuality "1"]

1. d4 Nf6 2. c4 g6 3. Nc3 Bg7 4. e4 d6 5. f3 0-0 6. Be3 e5 7. d5 Nh5 8. Qd2 f5 9. 0-0-0 Nd7 10. exf5 gxf5 11. Bd3 Qh4 12. Bg5 Qd4 13. Nge2 1-0

[Event "WC-2015-Q-00010"]
[Site "LSS email"]
[Date "2012.09.11"]
[Round "?"]
[White "Nemec, Zdenek"]
[Black "Ireland, Jack Andrew"]
[Result "1-0"]
[WhiteElo "2161"]
[BlackElo "2415"]
[PlyCount "25"]
[EventDate "2012.09.17"]
[EventType "tourn (corr)"]
[EventRounds "10"]
[EventCountry "GER"]
[SourceTitle "Corr 2015"]
[Source "ChessBase"]
[SourceDate "2015.07.17"]
[SourceVersion "1"]
[SourceVersionDate "2015.07.17"]
[SourceQuality "1"]

1. e4 Nf6 2. e5 Nd5 3. d4 d6 4. c4 Nb6 5. f4 g6 6. Nc3 Bg7 7. Be3 Be6 8. d5 Bc8 9. Nf3 0-0 10. Be2 c6 11. h3 N6d7 12. exd6 exd6 13. 0-0 1-0

[Event "WC-2015-Q-00010"]
[Site "LSS email"]
[Date "2012.09.11"]
[Round "?"]
[White "Roberts, Anthony"]
[Black "Ireland, Jack Andrew"]
[Result "1-0"]
[WhiteElo "2165"]
[BlackElo "2415"]
[PlyCount "25"]
[EventDate "2012.09.17"]
[EventType "tourn (corr)"]
[EventRounds "10"]
[EventCountry "GER"]
[SourceTitle "Corr 2015"]
[Source "ChessBase"]
[SourceDate "2015.07.17"]
[SourceVersion "1"]
[SourceVersionDate "2015.07.17"]
[SourceQuality "1"]

1. e4 Nf6 2. e5 Nd5 3. d4 d6 4. Nf3 dxe5 5. Nxe5 c6 6. Nf3 Bf5 7. Bd3 Bg4 8. 0-0 e6 9. c4 Nf6 10. Be3 Qc7 11. Nbd2 Be7 12. h3 Bh5 13. Qc2 1-0

[Event "SM-2012-0-00200"]
[Site "LSS email"]
[Date "2012.05.09"]
[Round "?"]
[White "Markus, Roland"]
[Black "Ireland, Jack Andrew"]
[Result "1-0"]
[WhiteElo "2242"]
[BlackElo "2415"]
[PlyCount "63"]
[EventDate "2012.04.18"]
[EventType "tourn (corr)"]
[EventRounds "6"]
[EventCountry "GER"]
[SourceTitle "Telechess CBM 159"]
[Source "ChessBase"]
[SourceDate "2014.03.17"]
[SourceVersion "1"]
[SourceVersionDate "2014.03.17"]
[SourceQuality "1"]

1. e4 c6 2. d4 d5 3. e5 Bf5 4. Nf3 e6 5. Be2 c5 6. Be3 cxd4 7. Nxd4 Ne7 8. 0-0 Nbc6 9. Bb5 a6 10. Bxc6+ bxc6 11. c4 dxc4 12. Qa4 Bd3 13. Rd1 Qd7 14. Na3 Nd5 15. Nxc4 Bxc4 16. Qxc4 c5 17. Nb3 Qb5 18. Rac1 Nxe3 19. fxe3 Rc8 20. Qg4 g6 21. Nd2 Be7 22. Nc4 0-0 23. Rd3 Rb8 24. Ra3 Rfd8 25. Rf1 Qb7 26. h4 Rd7 27. h5 Bf8 28. Qf3 Qc8 29. Ra4 Rb5 30. b3 Rb8 31. Ra5 Rb4 32. Rc1 1-0

[Event "OP-2012-0-02187"]
[Site "LSS email"]
[Date "2012.05.08"]
[Round "?"]
[White "Ireland, Jack Andrew"]
[Black "Lauer, Fredric"]
[Result "1-0"]
[WhiteElo "2415"]
[BlackElo "949"]
[PlyCount "69"]
[EventDate "2012.05.04"]
[EventType "tourn (corr)"]
[EventRounds "4"]
[EventCountry "GER"]
[SourceTitle "Telechess CBM 165"]
[Source "ChessBase"]
[SourceDate "2015.03.11"]
[SourceVersion "1"]
[SourceVersionDate "2015.03.11"]
[SourceQuality "1"]

1. e4 c5 2. Nf3 d6 3. d4 cxd4 4. Nxd4 Nf6 5. Nc3 g6 6. Be3 Bg7 7. f3 0-0 8. Qd2 Nc6 9. Bc4 Bd7 10. h4 h5 11. 0-0-0 Ne5 12. Bb3 Rc8 13. Kb1 Nc4 14. Bxc4 Rxc4 15. Qd3 Rc8 16. Nde2 a6 17. Bd4 Qc7 18. Bxf6 Bxf6 19. Nd5 Qc5 20. Nxf6+ exf6 21. Nc3 Be6 22. Qxd6 Qa5 23. Qd4 f5 24. Nd5 Bxd5 25. exd5 Rfd8 26. g4 fxg4 27. fxg4 hxg4 28. Qxg4 Rc5 29. c4 Qa4 30. b3 Qb4 31. h5 Rcxd5 32. Rxd5 Rxd5 33. hxg6 Qd2 34. gxf7+ Kxf7 35. Qf3+ 1-0

[Event "SM-2012-0-00200"]
[Site "LSS email"]
[Date "2012.05.08"]
[Round "?"]
[White "Ireland, Jack Andrew"]
[Black "Nemec, Zdenek"]
[Result "1/2-1/2"]
[WhiteElo "2415"]
[BlackElo "2224"]
[PlyCount "61"]
[EventDate "2012.04.18"]
[EventType "tourn (corr)"]
[EventRounds "6"]
[EventCountry "GER"]
[SourceTitle "Telechess CBM 159"]
[Source "ChessBase"]
[SourceDate "2014.03.17"]
[SourceVersion "1"]
[SourceVersionDate "2014.03.17"]
[SourceQuality "1"]

1. e4 c5 2. Nf3 d6 3. Bd3 Nc6 4. c3 Nf6 5. Bc2 e5 6. 0-0 Be7 7. h3 0-0 8. d4 cxd4 9. cxd4 Qb6 10. d5 Nb4 11. Be3 Qa6 12. Nc3 Nxc2 13. Qxc2 Bd7 14. a4 Bd8 15. a5 Rc8 16. Rfc1 Ne8 17. b4 Nc7 18. Qb3 Bf6 19. Rc2 Nb5 20. Nxb5 Bxb5 21. Nd2 Rxc2 22. Qxc2 Ra8 23. Rc1 Bd8 24. Qb3 h6 25. f4 exf4 26. Bxf4 b6 27. axb6 Bxb6+ 28. Kh2 Rc8 29. Rxc8+ Qxc8 30. Bxd6 Qc1 31. Nf3 1/2-1/2

[Event "OP-2012-0-02187"]
[Site "LSS email"]
[Date "2012.05.08"]
[Round "?"]
[White "Ireland, Jack Andrew"]
[Black "Pozuelo Arenas, Miguel Angel"]
[Result "0-1"]
[WhiteElo "2415"]
[BlackElo "800"]
[PlyCount "74"]
[EventDate "2012.05.04"]
[EventType "tourn (corr)"]
[EventRounds "4"]
[EventCountry "GER"]
[SourceTitle "Telechess CBM 165"]
[Source "ChessBase"]
[SourceDate "2015.03.11"]
[SourceVersion "1"]
[SourceVersionDate "2015.03.11"]
[SourceQuality "1"]

1. e4 e6 2. d4 d5 3. Nc3 Nf6 4. e5 Nfd7 5. Nce2 c5 6. f4 Nc6 7. c3 Qb6 8. Nf3 Be7 9. a3 cxd4 10. cxd4 a6 11. Nc3 Qa7 12. Be3 b5 13. Bd3 Nb6 14. b3 Bd7 15. 0-0 b4 16. axb4 Nxb4 17. Bb1 a5 18. Ng5 g6 19. Rf3 Rc8 20. Bf2 Na8 21. Rh3 Kf8 22. g4 h6 23. Qd2 Qc7 24. Be1 Qb6 25. Nf3 Ke8 26. Na4 Qc6 27. Bd3 Nb6 28. Nb2 Qc7 29. Qd1 Qa7 30. Be2 Rb8 31. Bf1 Na8 32. Bf2 Nc7 33. Ne1 Bd8 34. Ned3 Nca6 35. Nxb4 Nxb4 36. Na4 Be7 37. Qd2 Kf8 0-1

[Event "SM-2012-0-00200"]
[Site "LSS email"]
[Date "2012.05.08"]
[Round "?"]
[White "Ireland, Jack Andrew"]
[Black "Sanner, Zdzislaw"]
[Result "1/2-1/2"]
[WhiteElo "2415"]
[BlackElo "2197"]
[PlyCount "43"]
[EventDate "2012.04.18"]
[EventType "tourn (corr)"]
[EventRounds "6"]
[EventCountry "GER"]
[SourceTitle "Telechess CBM 159"]
[Source "ChessBase"]
[SourceDate "2014.03.17"]
[SourceVersion "1"]
[SourceVersionDate "2014.03.17"]
[SourceQuality "1"]

1. e4 c6 2. d4 d5 3. Nc3 dxe4 4. Nxe4 Bf5 5. Ng3 Bg6 6. h4 h6 7. Nf3 Nd7 8. h5 Bh7 9. Bd3 Bxd3 10. Qxd3 e6 11. Bd2 Ngf6 12. 0-0-0 Be7 13. Ne4 Nxe4 14. Qxe4 Nf6 15. Qd3 0-0 16. g4 Nxg4 17. Rhg1 Nxf2 18. Qe2 Nxd1 19. Bxh6 Bf6 20. Bxg7 Bxg7 21. h6 Qf6 22. Qh2 1/2-1/2

[Event "OP-2012-0-02187"]
[Site "LSS email"]
[Date "2012.05.08"]
[Round "?"]
[White "Reede, Arvo"]
[Black "Ireland, Jack Andrew"]
[Result "0-1"]
[WhiteElo "1584"]
[BlackElo "2415"]
[PlyCount "154"]
[EventDate "2012.05.04"]
[EventType "tourn (corr)"]
[EventRounds "4"]
[EventCountry "GER"]
[SourceTitle "Telechess CBM 165"]
[Source "ChessBase"]
[SourceDate "2015.03.11"]
[SourceVersion "1"]
[SourceVersionDate "2015.03.11"]
[SourceQuality "1"]

1. Nf3 Nf6 2. d4 g6 3. c4 Bg7 4. Nc3 d6 5. e4 0-0 6. Be2 e5 7. d5 a5 8. 0-0 Na6 9. Bd3 Nc5 10. Bc2 Nh5 11. Bg5 Qe8 12. Re1 b6 13. Nb5 Qd7 14. a3 a4 15. Be3 Nf4 16. Bxf4 exf4 17. Rb1 Re8 18. Nfd4 Bb7 19. Qd2 Be5 20. f3 Qe7 21. Rbd1 Rec8 22. Nc3 Qf6 23. Nce2 Kh8 24. Qb4 g5 25. Rf1 Rg8 26. Nb5 Na6 27. Qd2 Bxb2 28. Rb1 Be5 29. Bxa4 g4 30. Bc2 Qh4 31. Ned4 g3 32. h3 Bc8 33. Nf5 Qf6 34. a4 Bd7 35. Rb3 Nc5 36. Ra3 Rgc8 37. Nfd4 Bxb5 38. Nxb5 Ra5 39. Rb1 Kg8 40. Ra2 Qe7 41. Ra3 Rca8 42. Rb4 h5 43. Ra2 Nb7 44. Rb1 Nd8 45. Na3 f6 46. Bd1 Kh7 47. Nb5 Nf7 48. Bc2 Nh6 49. Na3 Qd7 50. Rd1 Kh8 51. Bb3 f5 52. Re1 Rf8 53. Qd3 Qg7 54. Nb5 Raa8 55. Bd1 fxe4 56. fxe4 Ng4 57. Ra3 Rg8 58. Bf3 Qd7 59. Ra2 Nf2 60. Qd2 h4 61. Re2 Nxh3+ 62. gxh3 Qxh3 63. Nd4 Qd7 64. Nc6 h3 65. Nxe5 dxe5 66. Qc3 Rg5 67. a5 g2 68. Bxg2 Qg4 69. Rf2 Rag8 70. Qf3 Qh4 71. a6 Rg3 72. a7 Rxf3 73. a8Q h2+ 74. Kh1 Rxf2 75. Qxg8+ Kxg8 76. Rxf2 Qxf2 77. Kxh2 f3 0-1

[Event "OP-2012-0-02187"]
[Site "LSS email"]
[Date "2012.05.08"]
[Round "?"]
[White "Sternik, Ryszard"]
[Black "Ireland, Jack Andrew"]
[Result "0-1"]
[WhiteElo "1564"]
[BlackElo "2415"]
[PlyCount "56"]
[EventDate "2012.05.04"]
[EventType "tourn (corr)"]
[EventRounds "4"]
[EventCountry "GER"]
[SourceTitle "Telechess CBM 165"]
[Source "ChessBase"]
[SourceDate "2015.03.11"]
[SourceVersion "1"]
[SourceVersionDate "2015.03.11"]
[SourceQuality "1"]

1. e4 c6 2. d4 d5 3. e5 Bf5 4. Ne2 e6 5. Ng3 Bg6 6. h4 h5 7. Be2 c5 8. dxc5 Bxc5 9. Nd2 Nc6 10. Nb3 Bb6 11. Bf4 f6 12. Bb5 fxe5 13. Bxe5 Nf6 14. f3 0-0 15. Bxc6 bxc6 16. Qe2 Nd7 17. Bd6 Rf6 18. 0-0-0 Bc7 19. Bxc7 Qxc7 20. Rh3 c5 21. Qd2 a5 22. Ne4 Bxe4 23. fxe4 a4 24. Na1 d4 25. Qe2 Qf4+ 26. Kb1 Qg4 27. Qxg4 hxg4 28. Rg3 Rf4 0-1